00203nam a2200085Ia 4500008004100000100001400041245003600055260001700091260000900108170524s9999 xx 000 0 und d a MANO- M. 0aDIGITAL LOGIC & COMPUTER DESIGN bKalyani Pub. c2002